| 000 | 00938nam a2200313Ia 4500 | ||
|---|---|---|---|
| 001 | 57554 | ||
| 003 | CO-BoRNBP | ||
| 005 | 20250710174849.0 | ||
| 007 | ta | ||
| 008 | 121119s1998 mx gr 000 0 spa | ||
| 020 | _a968165658X | ||
| 040 |
_aCO-BoRNBP _bspa _erda _cCO-BoRNBP |
||
| 041 | 0 | _aspa | |
| 082 | 0 | 4 |
_a001.4209 _bP27E |
| 100 | _aPérez Tamayo, Ruy | ||
| 245 | 1 | 0 |
_aExiste el método científico? _cRuy Pérez Tamayo |
| 250 | _aPrimera edición | ||
| 264 | 1 |
_aMéxico _bFondo de Cultura Económica _c1998 |
|
| 300 |
_a297 páginas _c21 cm |
||
| 336 |
_atexto _btxt _2rdacontent |
||
| 337 |
_asin mediación _bn _2rdamedia |
||
| 338 |
_avolumen _bnc _2rdacarrier |
||
| 490 | 0 | _aCiencia para todos | |
| 650 | 0 | 7 |
_aFilosofía de la ciencia _2LEMB _915341 |
| 650 | 0 | 7 |
_aInvestigación científica _2LEMB _960992 |
| 650 | 0 | 7 |
_aMetodología científica _2LEMB _99176 |
| 650 | 0 | 7 |
_aTeoría del conocimiento _2LEMB |
| 942 |
_2ddc _cBK |
||
| 999 |
_c57554 _d57554 |
||